000 00622nam a2200253Ia 4500
005 20260306152712.0
008 008 260114s9999 xx 000 0 eng d
020 _a9789354122323
037 _aEBOOK
040 _aCRL
040 _beng
040 _cCRL
041 _2eng
041 _aeng
084 _qCRL
100 _aDr. Raman Singh, Dr. SM Haldhar
_91124051
245 0 _aSchools of Bhutanese Buddhism
260 _bCentrum Press
260 _c2012
856 _uhttps://www.asapglobe.com/searchtitles.aspx?query=9789354122323
942 _cEBOOK
999 _c1701118
_d1701118